000 00854cam a2200241I 4500
999 _c6050
_d6050
001 777161
003 OSt
005 20191216160149.0
008 740116|1960||||enk |000 0|eng|c
040 _aUniv of Dayton Lib
_cDLC
082 _a225.61
_bK26u
090 _aBS2407
_b.K37 1960
100 1 _aKee, Howard Clark
240 1 0 _aUnderstanding the New Testament
245 1 4 _aUnderstanding the New Testament: The living world of the New Testament
_c[by] Howard Clark Kee [and] Franklin W. Young
260 _aLondon,
_bDarton, Longman & Todd
_c[1960]
300 _a492 p.
_billus.
_c22 cm
500 _aPublished 1957 in the U.S.A. under the title: Understanding the New Testament
630 0 0 _aBible.
_pNew Testament
_xHistory of Biblical events
630 0 0 _aBible.
_pNew Testament
_xIntroductions
700 1 0 _aYoung, Franklin W
942 _2ddc
_cBK